000 00923nam a2200289Ia 4500
001 Para_9167
003 CHAP
005 20220812135711.0
008 220125s2003 xx 000 0 und d
010 _a207902
040 _cCHAP
090 _aPA TESIS 1983
100 _aAguilar Carpio, André
_92670
245 _aControl preemergente de malezas en maíz /
_c por André Aguilar Carpio
260 _aCocula, Gro. :
_b el autor
300 _a129 h.
502 _aTesis (Ing. Agr. Fitotecnista)Colegio Superior Agropecuario del estado de Guerrero
650 _aMaíz
_x malas hierbas
_x control
_971003
650 _aMalas hierbas
_x control
_970011
710 _aColegio Superior Agropecuario del estado de Guerrero
_925112
901 _aTESIS 1983
902 _aA
905 _a0000002003 amn 0000000000 00
910 _a2003
942 _cPARA
_2ddc
942 _cPARA
_2ddc
999 _c207902
_d207902